ბათუმის შოთა რუსთაველის სახელმწიფო უნივერსიტეტის ბიბლიოთეკა

საქართველოს მართლმადიდებელი ეკლესია 1927-1952 წლებში / (ბიბ.ჩანაწერი № 56139)

000 -ლიდერი
ფიქსირებული სიგრძის საკონტროლო ველი 01531nam a2200241Ia 4500
001 - საკონტროლო ნომერი
საკონტროლო ველი 23240
003 - საკონტროლო ნომრის იდენტიფიკატორი
საკონტროლო ველი GE_BSU
005 - ბოლო ოპერაციის თარიღი და დრო
საკონტროლო ველი 20251112204304.0
008 - ფიქსირებული სიგრძის მონაცემთა ელემენტები - ზოგადი ინფორმაცია
ფიქსირებული სიგრძის საკონტროლო ველი 181216s2001||||ge |||||||||||||| ||geo||
040 ## - კატალოგიზაციის წყარო
Transcribing agency GE_BSU
041 ## - ენის კოდი
Language code of text/sound track or separate title geo
080 ## - უნივერსალური ათობითი კლასიფიკაციის ინდექსი
Universal Decimal Classification number 271.22(479.22)(09) ვ-21
100 ## - მთავარი ჩანაწერი - პიროვნების სახელი
Personal name ვარდოსანიძე, სერგო
9 (RLIN) 26207
245 ## - ცნობა სათაურის შესახებ
Title საქართველოს მართლმადიდებელი ეკლესია 1927-1952 წლებში /
Statement of responsibility, etc სერგო ვარდოსანიძე ; რედაქტორი ანანია ჯაფარიძე ; სულხან-საბა ორბელიანის სახელობის სახელმწიფო პედაგოგიური უნივერსიტეტი.
264 ## - წარმოების, გამოცემის, დისტრიბუციის და სხვა ცნობები
გამოცემის, წარმოების, დისტრიბუციის... ადგილი თბილისი :
გამოცემის, წარმოების, დისტრიბუციის... სახელწოდება ქრონოგრაფი,
გამოცემის, წარმოების, დისტრიბუციის... თარიღი 2001.
300 ## - ფიზიკური აღწერა
Extent 214გვ. ;
Dimensions 20 სმ.
500 ## - ზოგადი შენიშვნა
General note თავფურცელზე ავტორის მინაწერი
653 ## - INDEX TERM--UNCONTROLLED
Uncontrolled term საქართველოს მართლმადიდებელი ეკლესია 1927-1952 წლებში
700 ## - ADDED ENTRY--PERSONAL NAME
Personal name ჯაფარიძე, ანანია
Relator term რედაქტორი
9 (RLIN) 26208
710 ## - ADDED ENTRY--CORPORATE NAME
Corporate name or jurisdiction name as entry element სულხან-საბა ორბელიანის სახელობის სახელმწიფო პედაგოგიური უნივერსიტეტი
9 (RLIN) 26209
942 ## - ADDED ENTRY ELEMENTS (KOHA)
Koha item type წიგნი
Source of classification or shelving scheme
ეგზემპლარები
ჩამოწერის სტატუსი დაკარგული ეგზემპლარის სტატუსი კლასიფიკაციის წყარო ან თაროზე გაწყობის სქემა დაზიანების სტატუსი არ გაიცემა მუდმივი მდებარეობა (დაცვის ადგილი) ამჟამინდელი ადგილსამყოფელი თაროზე განთავსების ადგილი შეძენის თარიღი ღირებულება, შესყიდვის ნორმალური ფასი სრული შენახვის შიფრი შტრიხკოდი ბოლო ოპერაციის თარიღი ეგზემპლარის მიმდევრობითი ნომერი (კეტერი?) ფასის ძალაში შესვლის თარიღი ეგზემპლარის სახეობა საჯარო შენიშვნა
          ბათუმის შოთა რუსთაველის სახელმწიფო უნივერსიტეტის მთავარი ბიბლიოთეკა ბათუმის შოთა რუსთაველის სახელმწიფო უნივერსიტეტის მთავარი ბიბლიოთეკა წიგნსაცავი 2018-12-17 7.00 271.22(479.22)(09) ვ-21 28236 2018-12-17 28236 2018-12-17 წიგნი 7.00 ₾.